| 000 | 00320nam a22001217a 4500 | ||
|---|---|---|---|
| 020 | _a0-408-00257-3 | ||
| 082 | _a629.247 HAR'A | ||
| 100 |
_aHARTLEY, JOHN.R _976734 |
||
| 245 | _aAUTOMOBILE STEERING AND SUSPENSION QUESTION AND ANSWER | ||
| 260 |
_aUSA _bNEWNESS TECHNICAL BOOKS _c1977 |
||
| 300 | _aV,120P | ||
| 942 | _cBK | ||
| 999 |
_c582073 _d582073 |
||